00469nam a2200157Ia 4500008004100000020001300041082001200054100002700066245005100093250000700144260004100151300002900192500001900221600002100240650005000261240925s9999 xx 000 0 und d a74634569 a004 WIL awilliams ,Timothy J . 0aMultiple Chaice Questions in computer science  aNA aNew Delhi:bTata McGraw Hillc,2001. axviii,846p.bNAfPirated aIncludes Index aComputer Science aComputer science, information & general works